[Event "10. Open Internacional de Galapagar"]
[Site "Galapagar ESP"]
[Date "2009.07.18"]
[Round "1.29"]
[White "Campos Calvo Sotelo, Javier"]
[Black "Quesada Ordinas, Jaime"]
[Result "1-0"]
[WhiteElo "2046"]
[BlackElo "1687"]
[PlyCount "89"]
[EventDate "2009.07.18"]
[EventType "swiss"]
[EventRounds "9"]
[EventCountry "ESP"]
[Source "lmi"]
[SourceDate "2009.07.18"]

1. d4 f5 2. c4 Nf6 3. Nc3 g6 4. g3 Bg7 5. Bg2 O-O 6. Nh3 d6 7. d5 e5 8. dxe6
Bxe6 9. Bxb7 Nbd7 10. Bd5 Nxd5 11. cxd5 Bf7 12. Ng5 Qe7 13. Nxf7 Rxf7 14. O-O
Ne5 15. Qc2 Re8 16. Bf4 g5 17. Bxe5 Qxe5 18. e3 a6 19. Qd2 h6 20. Rae1 Qf6 21.
f4 Qg6 22. Ne2 Rfe7 23. Nd4 Bxd4 24. Qxd4 Re4 25. Qc3 R8e7 26. Qd2 h5 27. fxg5
Qxg5 28. Rf4 Rh7 29. Rxe4 fxe4 30. Rf1 h4 31. Qf2 Qe7 32. Qf5 hxg3 33. hxg3 Rg7
34. Kg2 Qe5 35. Qxe5 dxe5 36. Rf5 Re7 37. Kf2 Kg7 38. Ke2 Kg6 39. g4 Re8 40.
Kd2 Rb8 41. Kc3 Rb6 42. Rxe5 c5 43. Re6+ Rxe6 44. dxe6 Kf6 45. Kc4 1-0

[Event "10. Open Internacional de Galapagar"]
[Site "Galapagar ESP"]
[Date "2009.07.18"]
[Round "1.31"]
[White "Paarup, Torsten"]
[Black "Garcia Sanchez Navarro, Mariano"]
[Result "1-0"]
[WhiteElo "2029"]
[BlackElo "1600"]
[PlyCount "131"]
[EventDate "2009.07.18"]
[EventType "swiss"]
[EventRounds "9"]
[EventCountry "ESP"]
[Source "lmi"]
[SourceDate "2009.07.18"]

1. d4 Nf6 2. c4 e5 3. d5 Bb4+ 4. Nd2 O-O 5. a3 Bxd2+ 6. Qxd2 d6 7. b4 Bf5 8. e3
e4 9. Ne2 Nbd7 10. Bb2 Qe7 11. Ng3 Bg6 12. Be2 h5 13. Qd1 Ne5 14. Nf1 Nfg4 15.
Bxe5 Qxe5 16. Bxg4 hxg4 17. Nd2 Bh5 18. Qc1 f5 19. Nb3 f4 20. exf4 Rxf4 21. Qe3
Raf8 22. O-O Be8 23. Ra2 R8f6 24. Nd2 Rh6 25. Qg3 Rhf6 26. Qe3 a6 27. g3 Rf3
28. Qxe4 Qxe4 29. Nxe4 R6f5 30. Nd2 Rd3 31. Re1 Kf7 32. Nf1 Ba4 33. Ne3 Re5 34.
Ree2 Bb3 35. Rad2 Rc3 36. Kf1 Bxc4 37. Nxc4 Rxc4 38. Rxe5 dxe5 39. d6 cxd6 40.
Rxd6 Ke7 41. Rb6 Rc7 42. a4 Kf7 43. Ke2 g6 44. Ke3 Kg7 45. Ke4 Re7 46. a5 Kf7
47. Rd6 Kg7 48. Kd5 e4 49. Kc5 Rc7+ 50. Kd4 Rc2 51. Ke3 Rc4 52. Rb6 Rc3+ 53.
Kxe4 Rf3 54. Rxb7+ Kf6 55. Rb6+ Kg5 56. Rxa6 Rxf2 57. b5 Rxh2 58. b6 Re2+ 59.
Kd3 Rb2 60. Ra7 Rb3+ 61. Kc4 Rxg3 62. b7 Rf3 63. b8=Q Rf4+ 64. Kd3 g3 65. Ke3
g2 66. Qxf4+ 1-0

[Event "10. Open Internacional de Galapagar"]
[Site "Galapagar ESP"]
[Date "2009.07.18"]
[Round "1.32"]
[White "Fernandez Gil, Ruben Carlos"]
[Black "Sotoca Aguado, Jose"]
[Result "0-1"]
[WhiteElo "1596"]
[BlackElo "2023"]
[PlyCount "116"]
[EventDate "2009.07.18"]
[EventType "swiss"]
[EventRounds "9"]
[EventCountry "ESP"]
[Source "lmi"]
[SourceDate "2009.07.18"]

1. e4 e5 2. Nf3 Nc6 3. d4 exd4 4. Bc4 Be7 5. Nxd4 Ne5 6. Bb3 d6 7. O-O c5 8.
Ne2 Nf6 9. Nbc3 a6 10. a4 O-O 11. f4 Nc6 12. Bd5 Nb4 13. Bc4 Nxe4 14. Nxe4 Bf5
15. N2g3 Bc8 16. Nc3 Nc6 17. Qh5 Nd4 18. Bd3 g6 19. Qd1 d5 20. f5 c4 21. Be2
Bc5 22. Kh1 Re8 23. fxg6 hxg6 24. Bf3 Be6 25. Nce2 Nxf3 26. Rxf3 Bg4 27. Rf4
Qd7 28. Qf1 Re7 29. Ng1 Rae8 30. Bd2 Bd6 31. Rf2 Qc7 32. Bf4 Bd7 33. Bxd6 Qxd6
34. Re2 Rxe2 35. N1xe2 Qc5 36. Qf3 d4 37. Rf1 Re7 38. Ne4 Qe5 39. Nf6+ Kg7 40.
Nxd7 Rxd7 41. Nc1 Re7 42. h3 b5 43. axb5 axb5 44. Qf4 Qxf4 45. Rxf4 Re1+ 46.
Kh2 Rxc1 47. Rf2 f5 48. Kg3 Kf6 49. Re2 Rb1 50. c3 d3 51. Rd2 Rc1 52. Kf3 Ke5
53. g3 Rc2 54. Ke3 Rxd2 55. Kxd2 Ke4 56. g4 f4 57. h4 f3 58. h5 f2 0-1

[Event "10. Open Internacional de Galapagar"]
[Site "Galapagar ESP"]
[Date "2009.07.18"]
[Round "1.33"]
[White "Rodriguez Garcia, Jose Maria"]
[Black "Takvor Mena, Samuel"]
[Result "0-1"]
[WhiteElo "2050"]
[BlackElo "1716"]
[PlyCount "70"]
[EventDate "2009.07.18"]
[EventType "swiss"]
[EventRounds "9"]
[EventCountry "ESP"]
[Source "lmi"]
[SourceDate "2009.07.18"]

1. d4 d5 2. Nf3 c6 3. e3 e6 4. Bd3 f5 5. Ne5 Nf6 6. f4 Bd6 7. O-O O-O 8. c4 Ne4
9. Nd2 Nd7 10. Ndf3 Qf6 11. Bd2 h6 12. b4 g5 13. g3 Bxe5 14. dxe5 Qe7 15. c5
Rf7 16. Nd4 g4 17. Bxe4 dxe4 18. Qb3 Nf8 19. Rac1 h5 20. a4 a6 21. b5 axb5 22.
axb5 cxb5 23. Bb4 Qe8 24. c6 bxc6 25. Rxc6 Bb7 26. Rcc1 Bd5 27. Qb1 Bc4 28. Rf2
Nd7 29. Bd6 Nb6 30. Rb2 Bd3 31. Nc2 Nd5 32. Rb3 Rfa7 33. Rxd3 exd3 34. Nd4 d2
35. Rd1 Nc3 0-1

[Event "10. Open Internacional de Galapagar"]
[Site "Galapagar ESP"]
[Date "2009.07.18"]
[Round "1.34"]
[White "Santos Garay Cordovil, Salvador"]
[Black "Julian Sierra, Rogelio"]
[Result "1-0"]
[WhiteElo "2003"]
[BlackElo "2082"]
[PlyCount "47"]
[EventDate "2009.07.18"]
[EventType "swiss"]
[EventRounds "9"]
[EventCountry "ESP"]
[Source "lmi"]
[SourceDate "2009.07.18"]

1. d4 g6 2. c4 Bg7 3. Nc3 c5 4. d5 Bxc3+ 5. bxc3 f5 6. Nf3 d6 7. g3 Qa5 8. Qb3
Nf6 9. Bg2 Ne4 10. Ng5 Nxg5 11. Bxg5 Nd7 12. O-O Nb6 13. e4 Bd7 14. exf5 Ba4
15. Qb2 O-O-O 16. Bxe7 Rd7 17. f6 Nxc4 18. Qe2 Bb5 19. Qe6 Kb8 20. a4 Bxa4 21.
f7 Rxe7 22. Qxe7 Qd8 23. Qxd8+ Rxd8 24. Rxa4 1-0

[Event "10. Open Internacional de Galapagar"]
[Site "Galapagar ESP"]
[Date "2009.07.18"]
[Round "1.37"]
[White "Sanchez Delgado, Lidia"]
[Black "Moreno Sanchez, Guillermo"]
[Result "1-0"]
[WhiteElo "2040"]
[BlackElo "1813"]
[PlyCount "43"]
[EventDate "2009.07.18"]
[EventType "swiss"]
[EventRounds "9"]
[EventCountry "ESP"]
[Source "lmi"]
[SourceDate "2009.07.18"]

1. e4 c5 2. Nf3 d6 3. d4 cxd4 4. Nxd4 Nf6 5. Nc3 a6 6. Bg5 Nbd7 7. f4 e5 8. Nf5
Qc7 9. Qd2 b5 10. O-O-O b4 11. Nd5 Nxd5 12. Qxd5 Bb7 13. Nxd6+ Bxd6 14. Qxd6
Qxd6 15. Rxd6 f6 16. Bh4 exf4 17. Be1 a5 18. Bb5 Rd8 19. Bf2 Ke7 20. Rhd1 Ne5
21. Rxd8 Rxd8 22. Bc5+ 1-0

[Event "10. Open Internacional de Galapagar"]
[Site "Galapagar ESP"]
[Date "2009.07.18"]
[Round "1.38"]
[White "Guijarro Iniesta, Hipolito"]
[Black "Cerrato Torrijos, Maria"]
[Result "0-1"]
[WhiteElo "1802"]
[BlackElo "2047"]
[PlyCount "54"]
[EventDate "2009.07.18"]
[EventType "swiss"]
[EventRounds "9"]
[EventCountry "ESP"]
[Source "lmi"]
[SourceDate "2009.07.18"]

1. e4 c5 2. Nf3 d6 3. Bb5+ Bd7 4. Bxd7+ Qxd7 5. Nc3 Nf6 6. d3 g6 7. O-O Bg7 8.
Bf4 O-O 9. d4 cxd4 10. Nxd4 e5 11. Ndb5 exf4 12. Nxd6 Nc6 13. Re1 Ne5 14. f3 a6
15. Rb1 Rfd8 16. Qe2 Qxd6 17. Rbd1 Qb6+ 18. Kf1 Qxb2 19. Nd5 Nxd5 20. exd5 Qb5
21. Qxb5 axb5 22. Re4 Ra4 23. Rxa4 bxa4 24. Rd4 Nxf3 25. Rxf4 Nd2+ 26. Ke2 b5
27. Kxd2 Bh6 0-1

[Event "10. Open Internacional de Galapagar"]
[Site "Galapagar ESP"]
[Date "2009.07.18"]
[Round "1.39"]
[White "Collado Barbas, Alberto"]
[Black "Laveda Ayllon, Jose David"]
[Result "1-0"]
[WhiteElo "2022"]
[BlackElo "1800"]
[PlyCount "77"]
[EventDate "2009.07.18"]
[EventType "swiss"]
[EventRounds "9"]
[EventCountry "ESP"]
[Source "lmi"]
[SourceDate "2009.07.18"]

1. d4 Nf6 2. c4 g6 3. Nc3 Bg7 4. Nf3 O-O 5. e4 d6 6. Be3 Bg4 7. Be2 c6 8. Nd2
Bxe2 9. Qxe2 e5 10. d5 cxd5 11. cxd5 a6 12. O-O Nbd7 13. a4 Rc8 14. a5 Nc5 15.
f3 b5 16. axb6 Qxb6 17. Na4 Qb5 18. Qxb5 axb5 19. Nxc5 dxc5 20. Ra5 Nd7 21.
Rxb5 Rb8 22. Rxb8 Rxb8 23. b3 f5 24. Rc1 Rb5 25. Ra1 f4 26. Bf2 Kf7 27. Ra7 Ke8
28. Kf1 g5 29. Ke2 Bf8 30. Kd3 Rb8 31. Kc2 h5 32. Nc4 Rc8 33. Be1 Rb8 34. Ba5
g4 35. Bc7 Rc8 36. Bxe5 Nxe5 37. Nxe5 Bd6 38. Nc4 Bb8 39. Rh7 1-0

[Event "10. Open Internacional de Galapagar"]
[Site "Galapagar ESP"]
[Date "2009.07.18"]
[Round "1.40"]
[White "Vidal Herrero Vior, Pablo"]
[Black "Serrano Martinez, Francisco Jose"]
[Result "1/2-1/2"]
[WhiteElo "1752"]
[BlackElo "2029"]
[PlyCount "103"]
[EventDate "2009.07.18"]
[EventType "swiss"]
[EventRounds "9"]
[EventCountry "ESP"]
[Source "lmi"]
[SourceDate "2009.07.18"]

1. d4 Nf6 2. c4 c5 3. d5 b5 4. Nc3 b4 5. Na4 d6 6. b3 g6 7. Nb2 a5 8. Nf3 Bg7
9. Qc2 Bf5 10. Qd1 O-O 11. e3 h6 12. Bd3 Qc8 13. Rb1 Bxd3 14. Qxd3 Nbd7 15. O-O
Nb6 16. Na4 Qa6 17. Re1 Nfxd5 18. Nxb6 Nxb6 19. Bb2 Bxb2 20. Rxb2 a4 21. e4
axb3 22. axb3 Nd7 23. Qd2 Kh7 24. e5 Nxe5 25. Nxe5 dxe5 26. h4 Qd6 27. Qe3 f6
28. Rd2 Qc7 29. Rd5 Rac8 30. Red1 Rfd8 31. Qd3 Rxd5 32. Qxd5 Kg7 33. h5 gxh5
34. Rd3 h4 35. g3 h3 36. Kh2 Qc6 37. Kxh3 Qxd5 38. Rxd5 Rc7 39. Kg4 Kg6 40. Kf3
h5 41. Ke4 Rc6 42. Rd8 e6 43. Rg8+ Kh7 44. Rd8 Kg7 45. Rd7+ Kg6 46. Rd8 Rc7 47.
Rg8+ Kh7 48. Rd8 Kg7 49. Rd6 Kf7 50. Rd8 Kg7 51. Rd6 Kf7 52. Rd8 1/2-1/2

[Event "10. Open Internacional de Galapagar"]
[Site "Galapagar ESP"]
[Date "2009.07.18"]
[Round "1.41"]
[White "Ledo Galan, Jose Emilio"]
[Black "Sanchez Tapia, Luis G"]
[Result "1-0"]
[WhiteElo "2032"]
[BlackElo "1734"]
[PlyCount "51"]
[EventDate "2009.07.18"]
[EventType "swiss"]
[EventRounds "9"]
[EventCountry "ESP"]
[Source "lmi"]
[SourceDate "2009.07.18"]

1. d4 Nf6 2. c4 e6 3. Nc3 g6 4. Nf3 Bg7 5. e4 O-O 6. Bg5 h6 7. Bh4 g5 8. Bg3 b6
9. Bd3 Nh5 10. Ne5 Nxg3 11. hxg3 f5 12. Qh5 g4 13. exf5 exf5 14. Bxf5 Qf6 15.
Nd5 Qd6 16. Bg6 c6 17. Bf7+ Kh7 18. Qf5+ Kh8 19. Ng6+ Qxg6 20. Qxg6 Rxf7 21.
Qxf7 cxd5 22. Qe8+ Kh7 23. Qxc8 Nc6 24. Qxa8 Nxd4 25. O-O-O dxc4 26. Rxd4 1-0

[Event "10. Open Internacional de Galapagar"]
[Site "Galapagar ESP"]
[Date "2009.07.18"]
[Round "1.43"]
[White "Fernandez Garcia, Ignacio"]
[Black "Fernandez Edroso, Felipe"]
[Result "1-0"]
[WhiteElo "1959"]
[BlackElo "1712"]
[PlyCount "77"]
[EventDate "2009.07.18"]
[EventType "swiss"]
[EventRounds "9"]
[EventCountry "ESP"]
[Source "lmi"]
[SourceDate "2009.07.18"]

1. e4 e5 2. f4 d6 3. Nf3 exf4 4. Bc4 Nc6 5. d4 Nf6 6. Ng5 d5 7. exd5 Nxd5 8.
Bxf4 Be6 9. Nxe6 fxe6 10. O-O Qd7 11. Bxd5 exd5 12. Bg5 Be7 13. Bxe7 Nxe7 14.
Qh5+ g6 15. Qe5 O-O-O 16. Rf7 Rde8 17. Nc3 Nc6 18. Qg7 Qe6 19. Nb5 Qe3+ 20. Kh1
Qe1+ 21. Rf1 Qe7 22. Qh6 Rhf8 23. Nc3 Rxf1+ 24. Rxf1 Nxd4 25. Nxd5 Qe2 26. Qf4
Ne6 27. Qc1 g5 28. Re1 Qb5 29. c4 Qc6 30. b4 a6 31. a4 Qxa4 32. b5 axb5 33.
cxb5 Qa5 34. Re3 Ng7 35. Rc3 c6 36. bxc6 bxc6 37. Rxc6+ Kb7 38. Rc7+ Kb8 39.
Qb1+ 1-0

[Event "10. Open Internacional de Galapagar"]
[Site "Galapagar ESP"]
[Date "2009.07.18"]
[Round "1.44"]
[White "Pastor Sanchez, Marcos"]
[Black "Rojas Pozo, Jose Luis"]
[Result "0-1"]
[WhiteElo "1529"]
[BlackElo "2014"]
[PlyCount "58"]
[EventDate "2009.07.18"]
[EventType "swiss"]
[EventRounds "9"]
[EventCountry "ESP"]
[Source "lmi"]
[SourceDate "2009.07.18"]

1. e4 c5 2. Nf3 d6 3. d4 cxd4 4. Nxd4 Nf6 5. Nc3 a6 6. g3 e6 7. Bg2 Qc7 8. Be3
Nc6 9. O-O Be7 10. f4 Bd7 11. Qd2 Ng4 12. Nxc6 Nxe3 13. Qxe3 Bxc6 14. Qd3 Bf6
15. Qc4 b5 16. Qb3 Qb7 17. a3 O-O 18. Rad1 Rac8 19. Rfe1 Rfd8 20. Qb4 Qb6+ 21.
Kh1 a5 22. Qb3 Qb7 23. Nb1 g6 24. Qe3 Bxb2 25. c3 b4 26. axb4 axb4 27. cxb4
Qxb4 28. Rd3 Ba4 29. Nd2 Bc2 0-1

[Event "10. Open Internacional de Galapagar"]
[Site "Galapagar ESP"]
[Date "2009.07.18"]
[Round "1.54"]
[White "Garcia Martinez, Adrian"]
[Black "Montero Garcia, Francisco Javier"]
[Result "0-1"]
[WhiteElo "1766"]
[BlackElo "1939"]
[PlyCount "50"]
[EventDate "2009.07.18"]
[EventType "swiss"]
[EventRounds "9"]
[EventCountry "ESP"]
[Source "lmi"]
[SourceDate "2009.07.18"]

1. Nf3 Nf6 2. d4 c5 3. c4 cxd4 4. Nxd4 Nc6 5. g3 g6 6. Nc3 Bg7 7. Be3 Ng4 8.
Nxc6 bxc6 9. Bd2 Qb6 10. e3 d6 11. b3 Nxe3 12. Na4 Qd4 13. Bxe3 Qxa1 14. Qxa1
Bxa1 15. Bg2 Bd7 16. Kd2 Bg7 17. Re1 O-O 18. f4 Rfc8 19. Nc3 a5 20. Na4 Rab8
21. Bb6 c5 22. Rxe7 Bxa4 23. Bc7 Bf6 24. Bxb8 Bxe7 25. bxa4 Rxb8 0-1

[Event "10. Open Internacional de Galapagar"]
[Site "Galapagar ESP"]
[Date "2009.07.18"]
[Round "1.57"]
[White "Moreno Antonio, Mario"]
[Black "Valderrama Arroyo, Victor"]
[Result "1/2-1/2"]
[WhiteElo "1871"]
[BlackElo "1882"]
[PlyCount "48"]
[EventDate "2009.07.18"]
[EventType "swiss"]
[EventRounds "9"]
[EventCountry "ESP"]
[Source "lmi"]
[SourceDate "2009.07.18"]

1. d4 Nf6 2. Nf3 e6 3. Bg5 Be7 4. c4 b6 5. e3 Bb7 6. Bd3 O-O 7. O-O d5 8. Nbd2
h6 9. Bh4 Nbd7 10. Rc1 c5 11. cxd5 Nxd5 12. Bxe7 Qxe7 13. Bb1 N5f6 14. Nc4 Ne4
15. Nce5 Nxe5 16. dxe5 Rfd8 17. Qc2 Ng5 18. Nxg5 Qxg5 19. f4 Qg4 20. Qf2 Ba6
21. Rfe1 Bd3 22. h3 Qh5 23. Bc2 Bxc2 24. Qxc2 Rd7 1/2-1/2

[Event "10. Open Internacional de Galapagar"]
[Site "Galapagar ESP"]
[Date "2009.07.19"]
[Round "2.1"]
[White "Rodriguez Perez, Angel Mariano"]
[Black "Ortiz Suarez, Isam"]
[Result "0-1"]
[WhiteElo "2053"]
[BlackElo "2504"]
[PlyCount "86"]
[EventDate "2009.07.18"]
[EventType "swiss"]
[EventRounds "9"]
[EventCountry "ESP"]
[Source "lmi"]
[SourceDate "2009.07.18"]

1. e4 c5 2. Nf3 d6 3. d4 cxd4 4. Nxd4 Nf6 5. Nc3 a6 6. Be2 e6 7. Be3 Qc7 8. O-O
b5 9. a3 Bb7 10. f3 Nbd7 11. a4 b4 12. Na2 d5 13. Qd2 Bd6 14. e5 Nxe5 15. Nxb4
Nc4 16. Bxc4 Bxh2+ 17. Kh1 dxc4 18. Ne2 Rd8 19. Qe1 Qe5 20. Bg1 Bxg1 21. Nxg1
Qxb2 22. Rb1 Qd4 23. Qg3 O-O 24. Ne2 Qc5 25. Nf4 e5 26. Nh3 e4 27. Qg5 Qc7 28.
f4 e3 29. Qe5 Qxe5 30. fxe5 Ng4 31. Rf4 Nxe5 32. Re1 a5 33. Rxe3 Ng6 34. Rxc4
axb4 35. Rxb4 Ba8 36. Re2 h6 37. Nf2 Rfe8 38. Rxe8+ Rxe8 39. Nd3 Kh7 40. a5 Re2
41. c4 Rxg2 42. Rb8 Be4 43. Nc5 Rb2+ 0-1

[Event "10. Open Internacional de Galapagar"]
[Site "Galapagar ESP"]
[Date "2009.07.19"]
[Round "2.2"]
[White "Almagro Llamas, Pablo"]
[Black "Campos Calvo Sotelo, Javier"]
[Result "1-0"]
[WhiteElo "2481"]
[BlackElo "2046"]
[PlyCount "87"]
[EventDate "2009.07.18"]
[EventType "swiss"]
[EventRounds "9"]
[EventCountry "ESP"]
[Source "lmi"]
[SourceDate "2009.07.18"]

1. e4 d5 2. exd5 Nf6 3. Bb5+ Bd7 4. Be2 Nxd5 5. d4 Bf5 6. Nf3 e6 7. O-O Be7 8.
c4 Nb6 9. Nc3 O-O 10. Qb3 c5 11. Rd1 Qc8 12. Be3 Na6 13. a3 cxd4 14. Nxd4 Bg6
15. Qa2 Nc5 16. b4 Ne4 17. Ndb5 Nxc3 18. Nxc3 Bf6 19. Rac1 Bxc3 20. Rxc3 Nd5
21. Rb3 Nxe3 22. Rxe3 Rd8 23. Rxd8+ Qxd8 24. Bf3 Qc7 25. h4 Rd8 26. c5 h6 27.
Qb2 Bd3 28. Qe5 Qxe5 29. Rxe5 Rd7 30. Re1 Bb5 31. Rd1 Rxd1+ 32. Bxd1 Bc6 33. f4
Kf8 34. Kf2 Ke7 35. g4 f6 36. Ke3 e5 37. fxe5 fxe5 38. Bc2 a6 39. Be4 g5 40.
hxg5 hxg5 41. a4 Ke6 42. Kd3 Bd5 43. b5 axb5 44. axb5 1-0

[Event "10. Open Internacional de Galapagar"]
[Site "Galapagar ESP"]
[Date "2009.07.19"]
[Round "2.3"]
[White "Toranzo Fernandez, Dionisio"]
[Black "Gomez Garrido, Camilo"]
[Result "0-1"]
[WhiteElo "2045"]
[BlackElo "2461"]
[PlyCount "42"]
[EventDate "2009.07.18"]
[EventType "swiss"]
[EventRounds "9"]
[EventCountry "ESP"]
[Source "lmi"]
[SourceDate "2009.07.18"]

1. Nf3 d5 2. d4 c6 3. c4 e6 4. Qc2 Nf6 5. g3 Nbd7 6. Bg2 b5 7. cxb5 cxb5 8. O-O
Bb7 9. Qb3 Qb6 10. Bf4 Nh5 11. Rc1 Nxf4 12. gxf4 Bd6 13. e3 h6 14. Nc3 a6 15.
h3 g5 16. fxg5 hxg5 17. Nxg5 Ke7 18. f4 Rag8 19. Kf2 Bxf4 20. exf4 Qxd4+ 21.
Kf3 Ne5+ 0-1

[Event "10. Open Internacional de Galapagar"]
[Site "Galapagar ESP"]
[Date "2009.07.19"]
[Round "2.4"]
[White "Roa Alonso, Santiago"]
[Black "Paarup, Torsten"]
[Result "1/2-1/2"]
[WhiteElo "2445"]
[BlackElo "2029"]
[PlyCount "84"]
[EventDate "2009.07.18"]
[EventType "swiss"]
[EventRounds "9"]
[EventCountry "ESP"]
[Source "lmi"]
[SourceDate "2009.07.18"]

1. e4 c6 2. d4 d5 3. Nd2 dxe4 4. Nxe4 Bf5 5. Ng3 Bg6 6. h4 h6 7. Nf3 Nd7 8. h5
Bh7 9. Bd3 Bxd3 10. Qxd3 e6 11. Bf4 Qa5+ 12. Bd2 Bb4 13. Ne4 Bxd2+ 14. Nfxd2
Qc7 15. Qa3 Ne7 16. O-O-O Nf6 17. Nxf6+ gxf6 18. Kb1 Nd5 19. Ne4 Qe7 20. Qxe7+
Kxe7 21. c4 Nc7 22. g4 b5 23. b3 a5 24. f4 Rhg8 25. Rhg1 a4 26. Nc3 axb3 27.
axb3 bxc4 28. bxc4 Rgb8+ 29. Kc2 Rb4 30. Kd3 Rd8 31. Rb1 Na6 32. Rxb4 Nxb4+ 33.
Ke4 f5+ 34. gxf5 exf5+ 35. Kxf5 Rxd4 36. Re1+ Kf8 37. Re4 Rd3 38. Na4 Nc2 39.
Nc5 Ne3+ 40. Ke5 Ng4+ 41. Kf5 Ne3+ 42. Ke5 Ng4+ 1/2-1/2

[Event "10. Open Internacional de Galapagar"]
[Site "Galapagar ESP"]
[Date "2009.07.19"]
[Round "2.5"]
[White "Sotoca Aguado, Jose"]
[Black "Candela Perez, Jose"]
[Result "0-1"]
[WhiteElo "2023"]
[BlackElo "2408"]
[PlyCount "110"]
[EventDate "2009.07.18"]
[EventType "swiss"]
[EventRounds "9"]
[EventCountry "ESP"]
[Source "lmi"]
[SourceDate "2009.07.18"]

1. e4 c5 2. Nf3 e6 3. d4 cxd4 4. Nxd4 Nf6 5. Bd3 Nc6 6. Nxc6 bxc6 7. O-O d6 8.
Be3 Be7 9. c4 O-O 10. Nc3 Nd7 11. Rc1 Ne5 12. Be2 c5 13. f4 Nc6 14. Bf3 Qb6 15.
b3 Rd8 16. g4 Bf6 17. Ne2 g6 18. Ng3 a5 19. f5 a4 20. Bg2 Be5 21. Qf3 Qc7 22.
Ne2 axb3 23. axb3 Ra3 24. Bf4 Qe7 25. Bxe5 Nxe5 26. Qg3 Bb7 27. f6 Qf8 28. Rc3
Ra2 29. Nf4 Rda8 30. Qh4 Rb2 31. Rh3 h6 32. g5 Raa2 33. Rg3 Ra3 34. gxh6 Kh7
35. Nh3 Bc8 36. Ng5+ Kh8 37. Nf3 Nxf3+ 38. Rgxf3 Kh7 39. Rd1 Bb7 40. Rfd3 Raa2
41. Rg3 Qxh6 42. Qxh6+ Kxh6 43. Rxd6 Bxe4 44. Bf1 Rxh2 45. Rh3+ Rxh3 46. Bxh3
Bf5 47. Bxf5 gxf5 48. Rc6 Rb2 49. Rxc5 Rxb3 50. Kf2 Kg6 51. Rc7 Kxf6 52. c5 f4
53. c6 Rc3 54. Rc8 e5 55. c7 Kf5 0-1

[Event "10. Open Internacional de Galapagar"]
[Site "Galapagar ESP"]
[Date "2009.07.19"]
[Round "2.6"]
[White "Guerra Mendez, Jose Angel"]
[Black "Andalon Gomez, Carlos J"]
[Result "1-0"]
[WhiteElo "2408"]
[BlackElo "2012"]
[PlyCount "51"]
[EventDate "2009.07.18"]
[EventType "swiss"]
[EventRounds "9"]
[EventCountry "ESP"]
[Source "lmi"]
[SourceDate "2009.07.18"]

1. e4 c6 2. d4 d5 3. Nc3 dxe4 4. Nxe4 Nd7 5. Bc4 Ngf6 6. Ng5 e6 7. Qe2 Nb6 8.
Bd3 h6 9. N5f3 c5 10. Be3 Nbd5 11. Ne5 Nxe3 12. fxe3 cxd4 13. Bb5+ Bd7 14.
O-O-O Bd6 15. Nxd7 Nxd7 16. Rxd4 a6 17. Ba4 Ke7 18. Nf3 Nc5 19. Rhd1 Nxa4 20.
Rxd6 Qc7 21. Rd7+ Qxd7 22. Rxd7+ Kxd7 23. Qd3+ Ke8 24. Qd4 b5 25. b3 Rd8 26.
Qxg7 1-0

[Event "10. Open Internacional de Galapagar"]
[Site "Galapagar ESP"]
[Date "2009.07.19"]
[Round "2.7"]
[White "Cerrato Torrijos, Maria"]
[Black "Gomez Ledo, Roberto Carlos"]
[Result "0-1"]
[WhiteElo "1992"]
[BlackElo "2404"]
[PlyCount "54"]
[EventDate "2009.07.18"]
[EventType "swiss"]
[EventRounds "9"]
[EventCountry "ESP"]
[Source "lmi"]
[SourceDate "2009.07.18"]

1. e4 d6 2. d4 Nf6 3. Nc3 c6 4. Be3 b5 5. f3 a6 6. Qd2 Nbd7 7. g4 Nb6 8. h4 Qc7
9. Qf2 Bb7 10. Bd3 Nfd7 11. Nh3 e6 12. Nf4 c5 13. Nh5 cxd4 14. Bxd4 e5 15. Be3
b4 16. Nd1 d5 17. Ng3 Nc4 18. Bxc4 Qxc4 19. exd5 Bxd5 20. Qe2 Rc8 21. c3 Qc6
22. Kf2 Bc4 23. Qc2 Nc5 24. Qf5 Be6 25. Qc2 Rd8 26. Ne2 Bxg4 27. fxg4 Qxh1 0-1

[Event "10. Open Internacional de Galapagar"]
[Site "Galapagar ESP"]
[Date "2009.07.19"]
[Round "2.8"]
[White "Perez Gonzalez, Jose Manuel"]
[Black "Sanchez Delgado, Lidia"]
[Result "1-0"]
[WhiteElo "2307"]
[BlackElo "2006"]
[PlyCount "65"]
[EventDate "2009.07.18"]
[EventType "swiss"]
[EventRounds "9"]
[EventCountry "ESP"]
[Source "lmi"]
[SourceDate "2009.07.18"]

1. e4 c5 2. Nf3 Nc6 3. d4 cxd4 4. Nxd4 g6 5. Nc3 Bg7 6. Be3 Nf6 7. Bc4 Qa5 8.
O-O O-O 9. Nb3 Qc7 10. Bg5 e6 11. Be2 a6 12. Qd2 b5 13. a3 Re8 14. Rfd1 Ne5 15.
Qf4 Nh5 16. Bxh5 gxh5 17. Bh6 Bxh6 18. Qxh6 Ng6 19. Qxh5 Kh8 20. Qg5 Rg8 21.
Qf6+ Rg7 22. Rd3 Bb7 23. Rad1 Rd8 24. Nc5 Bc8 25. Rg3 Rdg8 26. Nd3 d6 27. Nf4
Nxf4 28. Qxf4 e5 29. Qf6 Be6 30. Rgd3 Rd8 31. Nd5 Bxd5 32. Rxd5 Rdg8 33. Rxd6
1-0

[Event "10. Open Internacional de Galapagar"]
[Site "Galapagar ESP"]
[Date "2009.07.19"]
[Round "2.9"]
[White "Ruiz de Alegria Madariaga, Carlos"]
[Black "Sanchez Gonzalez, Sergio"]
[Result "0-1"]
[WhiteElo "1965"]
[BlackElo "2305"]
[PlyCount "58"]
[EventDate "2009.07.18"]
[EventType "swiss"]
[EventRounds "9"]
[EventCountry "ESP"]
[Source "lmi"]
[SourceDate "2009.07.18"]

1. d4 Nf6 2. c4 e6 3. Nf3 Bb4+ 4. Bd2 a5 5. g3 d6 6. Bg2 Nbd7 7. O-O e5 8. d5
Bc5 9. Nc3 O-O 10. Qc2 Re8 11. Ng5 h6 12. Nge4 Nxe4 13. Qxe4 Bb6 14. Be3 Nc5
15. Bxc5 f5 16. Qc2 Bxc5 17. e4 f4 18. gxf4 exf4 19. Kh1 Qf6 20. Bf3 Qh4 21.
Rg1 Bxf2 22. Rg2 Be3 23. Nb5 Re7 24. e5 Bh3 25. exd6 Bxg2+ 26. Qxg2 cxd6 27.
Nxd6 Rf8 28. Bg4 f3 29. Bxf3 Qf4 0-1

[Event "10. Open Internacional de Galapagar"]
[Site "Galapagar ESP"]
[Date "2009.07.19"]
[Round "2.10"]
[White "Longa Yauca, Javier"]
[Black "Collado Barbas, Alberto"]
[Result "1/2-1/2"]
[WhiteElo "2293"]
[BlackElo "1986"]
[PlyCount "121"]
[EventDate "2009.07.18"]
[EventType "swiss"]
[EventRounds "9"]
[EventCountry "ESP"]
[Source "lmi"]
[SourceDate "2009.07.18"]

1. e4 c6 2. d4 d5 3. e5 c5 4. c3 Nc6 5. Nf3 Bg4 6. Be2 e6 7. O-O Bxf3 8. Bxf3
cxd4 9. cxd4 Nge7 10. Nc3 Nf5 11. Ne2 Qb6 12. Be3 Be7 13. b3 Nxe3 14. fxe3 Bg5
15. Qd2 Nxe5 16. Kh1 Ng6 17. Nc3 Be7 18. Qd3 Rc8 19. Bg4 O-O 20. Rac1 Qa5 21.
a4 a6 22. Ne2 b5 23. axb5 Qxb5 24. Qxb5 axb5 25. Nc3 b4 26. Na4 Bd6 27. Nb6 Rc3
28. Rxc3 bxc3 29. Bd1 Ne7 30. Bc2 Nc6 31. Na4 Nb4 32. Rc1 Rc8 33. g3 Na2 34.
Ra1 Nb4 35. Rc1 Na2 36. Re1 Nb4 37. Re2 f6 38. Kg2 Rc6 39. Rf2 f5 40. Kf1 h5
41. Ke1 h4 42. gxh4 Nxc2+ 43. Rxc2 Bxh2 44. Kf2 f4 45. exf4 Bxf4 46. b4 Rc4 47.
Nc5 Rxb4 48. Rxc3 Rxd4 49. Nxe6 Rd2+ 50. Ke1 Bh6 51. Rc7 Rh2 52. Rd7 Rxh4 53.
Kf1 Re4 54. Nxg7 Bxg7 55. Rxd5 Kh7 56. Rd6 Rf4+ 57. Kg1 Bf6 58. Ra6 Kg6 59. Kg2
Kf5 60. Ra3 Be5 61. Rf3 1/2-1/2